Obálka Náhled e-knihy:
Epub
Pro půjčování e-knih musíte být přihlášeni.
Jak si půjčit online?

Paměti lovce monster. Hříšníci /

Druhá kniha akční fantasy série, nadané osobitým humorem a odkazující na řadu Lovci monster. Lovce Chada čeká perná fuška v temném New Orleans.

Uloženo v:
Série:Paměti lovce monster, část 2
Hlavní autor: Correia, Larry, 1977- (Autor)
Další autoři: Ringo, John, 1963- (Autor), Mařík, Jakub, 1981- (Autor)
Médium: E-kniha
Jazyk:Czech
Vydáno: Ostrava : Fantom Print, 2017
Vydání:1. vydání
Témata:
Příbuzné jednotky:Z cyklu:: Paměti lovce monster
Tagy:
Žádné tagy
LEADER 02616nam a2200481 i 4500
001 310830
003 CZ PrSKC
005 20260601215655.0
007 ta
008 170928s2017 xr g 000 f cze
015 |a cnb002937976 
020 |a 9788073983895  |q (brožováno) 
035 |a (OCoLC)1015196025 
040 |a OLA001  |b cze  |d ABA001  |e rda 
041 1 |a cze  |h eng 
072 7 |a 821.111(73)-3  |x Americká próza  |2 Konspekt 
080 |a 821.111(73)-31  |2 MRF 
080 |a (0:82-312.9)  |2 MRF 
100 1 |a Correia, Larry,  |d 1977-  |7 xx0153739  |4 aut 
240 1 0 |a Sinners.  |l Česky 
245 1 0 |a Paměti lovce monster.  |p Hříšníci /  |c Larry Correia & John Ringo ; překlad Jakub Mařík 
246 3 0 |a Hříšníci 
250 |a 1. vydání 
264 1 |a Ostrava :  |b Fantom Print,  |c 2017 
300 |a 303 stran ;  |c 21 cm 
336 |a text  |b txt  |2 rdacontent 
337 |a bez média  |b n  |2 rdamedia 
338 |a svazek  |b nc  |2 rdacarrier 
500 |a Přeloženo z angličtiny 
520 2 |a Druhá kniha akční fantasy série, nadané osobitým humorem a odkazující na řadu Lovci monster. Lovce Chada čeká perná fuška v temném New Orleans. 
520 2 |a Když se New Orleans vymkne kontrole, je jeden z elitních Lovců monster, Chad Gardenier, přeložen, aby trochu píchnul Hoodoo komandu v jeho boji s temnotou. V New Orleans se každý úplněk objevuje půltucet nových vlkodlaků, k tomu stínoví démoni, hoodoo nekromanti nebo po dvou chodící patnáctimetroví krokodýli. A upírů je tam více než na koncertě gotiků... Prostě Orleans v osmdesátkách dává pojmu "Peklo na Zemi" úplně nový význam. Chad má sice díky tomu příležitost získat astronomické odměny z Fonasilu, ale má to malý háček - pokud si je chce užít, musí hlavně přežít! Nakladatelská anotace. 
655 7 |a americké romány  |7 fd131796  |2 czenas 
655 7 |a fantasy romány  |7 fd184199  |2 czenas 
655 9 |a American fiction  |2 eczenas 
655 9 |a fantasy novels  |2 eczenas 
700 1 |a Ringo, John,  |d 1963-  |7 xx0038736  |4 aut 
700 1 |a Mařík, Jakub,  |d 1981-  |7 xx0073715  |4 trl 
787 0 8 |i Z cyklu:  |t Paměti lovce monster  |g 2 
900 |a ABA001  |b 20 
044 |a xr 
910 |a RBIT002 
998 |d 175334  |a https://core.palmknihy.cz/api/books/175334/cover?jros78  |b https://core.palmknihy.cz/api/books/175334/cover/400?x3a7iz  |c https://core.palmknihy.cz/api/books/175334/cover/50?zf4lh7  |e 2029-02-28  |g 312  |i 9788073983895  |j https://core.palmknihy.cz/api/books/175334/preview.epub  |l   |q 49  |r 1  |s https://www.palmknihy.cz/kniha/175334  |t ebook  |y 2017  |z 0  |v Paměti lovce monster  |w 2 
999 |d 310828